Ema a její kouzelná zoo. Žárlivý levhart /
Další příběh o holčičce Emě, která žije s maminkou v kouzelné ZOO a rozumí řeči zvířat.
Uloženo v:
| Série: | Ema a její kouzelná zoo,
část 6 |
|---|---|
| Hlavní autor: | |
| Další autoři: | |
| Médium: | E-kniha |
| Jazyk: | Czech |
| Vydáno: |
Praha :
Fragment,
2019
|
| Vydání: | 1. vydání |
| Témata: | |
| Příbuzné jednotky: | Z cyklu::
Ema a její kouzelná zoo |
| Tagy: |
Žádné tagy |
| LEADER | 02549nam a2200505 i 4500 | ||
|---|---|---|---|
| 001 | 311117 | ||
| 003 | CZ PrSKC | ||
| 005 | 20260601215659.0 | ||
| 007 | ta | ||
| 008 | 191202s2019 xr a b 000 j cze | ||
| 015 | |a cnb003163158 | ||
| 020 | |a 9788025344835 |q (vázáno) : |c Kč 169,00 | ||
| 035 | |a (OCoLC)1140083328 | ||
| 040 | |a ABG001 |b cze |d ABA001 |e rda | ||
| 041 | 1 | |a cze |h eng | |
| 072 | 7 | |a 821.111-3 |x Anglická próza, anglicky psaná |2 Konspekt | |
| 072 | 7 | |a 821-93 |x Literatura pro děti a mládež (beletrie) |2 Konspekt | |
| 080 | |a 821.111-32 |2 MRF | ||
| 080 | |a 821-93 |2 MRF | ||
| 080 | |a (0:82-32) |2 MRF | ||
| 100 | 1 | |a Cobb, Amelia |7 xx0217911 |4 aut | |
| 240 | 1 | 0 | |a Lucky snow leopard. |l Česky |
| 245 | 1 | 0 | |a Ema a její kouzelná zoo. |p Žárlivý levhart / |c Amelia Cobb ; z anglického originálu Zoe's rescue zoo - The lucky snow leopard přeložila Eva Brožová |
| 246 | 3 | 0 | |a Žárlivý levhart |
| 250 | |a 1. vydání | ||
| 264 | 1 | |a Praha : |b Fragment, |c 2019 | |
| 300 | |a 109 stran : |b ilustrace ; |c 20 cm | ||
| 336 | |a text |b txt |2 rdacontent | ||
| 337 | |a bez média |b n |2 rdamedia | ||
| 338 | |a svazek |b nc |2 rdacarrier | ||
| 520 | 2 | |a Další příběh o holčičce Emě, která žije s maminkou v kouzelné ZOO a rozumí řeči zvířat. |b Díky Emě a její mamince se všechna nová zvířata v Záchranné ZOO strýčka Horáce vždycky rychle zabydlí. Ema totiž rozumí jejich řeči a dokáže zjistit, co jim chybí. Nejnovějším přírůstkem je sněžná levhartice Lila a její synek Ali. Lila čeká mladé a Ali už brzy přestane být jedináčkem. Nakladatelská anotace. Kráceno. | |
| 521 | 8 | |a Pro čtenáře od 7 let | |
| 655 | 7 | |a anglické příběhy |7 fd131813 |2 czenas | |
| 655 | 7 | |a publikace pro děti |7 fd133156 |2 czenas | |
| 655 | 9 | |a English stories |2 eczenas | |
| 655 | 9 | |a children's literature |2 eczenas | |
| 700 | 1 | |a Brožová, Eva |7 jn20010309864 |4 trl | |
| 765 | 1 | |t Zoe's rescue zoo | |
| 787 | 0 | 8 | |i Z cyklu: |t Ema a její kouzelná zoo |g 6 |
| 900 | |a ABA001 |b 21 | ||
| 928 | 9 | |a Albatros Media - Fragment | |
| 044 | |a xr | ||
| 910 | |a RBIT002 | ||
| 998 | |d 202665 |a https://core.palmknihy.cz/api/books/202665/cover?q1ofrm |b https://core.palmknihy.cz/api/books/202665/cover/400?q1ofrm |c https://core.palmknihy.cz/api/books/202665/cover/50?q1ofrm |e 2026-07-10 |g 112 |i 9788025344835 |j https://core.palmknihy.cz/api/books/202665/preview.epub |k https://core.palmknihy.cz/api/books/202665/preview.pdf |l |q 49 |r 1 |s https://www.palmknihy.cz/kniha/202665 |t ebook |y 2019 |z 0 |v Ema a její kouzelná zoo |w 6 | ||
| 999 | |d 311115 | ||